Kreativita a konceptualizácia priestoru - nové impulzy v regionálnom rozvoji

Konceptuálny priestor a ľudská kreativita. Myšlienkové východiská konceptuálneho priestoru. Koncept kreativity. Úloha kreativity v priestore. Lokalizačné faktory kreatívneho miesta.

Salvato in:
Dettagli Bibliografici
Autore principale: Ivaničková, Alžbeta
Natura: Capitolo di libro
Lingua:slovacco
Soggetti:
Tags: Aggiungi Tag
Nessun Tag, puoi essere il primo ad aggiungerne!!

MARC

LEADER 00000naa a2200000 4500
001 0175234
005 20240502073004.4
041 0 |a slo 
044 |a SK 
245 1 0 |a Kreativita a konceptualizácia priestoru - nové impulzy v regionálnom rozvoji  |c Alžbeta Ivaničková 
520 |a Konceptuálny priestor a ľudská kreativita. Myšlienkové východiská konceptuálneho priestoru. Koncept kreativity. Úloha kreativity v priestore. Lokalizačné faktory kreatívneho miesta. 
610 2 0 |a kreativita 
610 2 0 |a ekonomika priestorová 
610 2 0 |a procesy sociálno-ekonomické 
100 1 |a Ivaničková, Alžbeta